000 01752nam a2200361 c 4500
003 BLK
005 20250115135423.0
008 180408b bul|||||r ||||||| ||bul||
020 _a9789543209088
040 _aBLK
041 _aBUL
_cBUL
080 _aАвторитарни режими в ново време на основата на политически и националистически движения. Тоталитаризъм. Диктатура на определена политическа партия или група. Вж и 321.74
_b321.64
_z321.64(4)
080 _aИстория на Европа
_b94(4)
_z94(4)"19"
100 _aЛиков, Александър Мицев
_9492678
139 _bЛ 57
245 1 0 _aНеизбежният съюз Берлин-Рим-Москва
_cАлександър Ликов ; прев. Йордан Ликов
257 _aBGR
260 _bРива
_c2023
_9209565
_aСофия
_n978-954-320- ; 954-8440-
300 _a124 с.
_c20 см
380 _a3
500 _aОриг. загл.: L"inevitable alliance Berlin-Rome-Moscou / Gabriel Leslie Книга пророчество / Тони Николов: с. 9-20 Бележки за автора на книгата / Йордан Ликов: с. 122-124
650 4 _aЕвропа - външна политика
_9281678
650 0 _aЕвропа - история и политика
_9248933
650 7 _aДиктатура
_9153424
653 _aЕвропа
700 _9474111
_aЛиков, Йордан Чавдаров
852 _aЦб 322682
856 4 _qpdf
856 4 _qpdf
942 _cKNG
_n0
944 _cНора Радева
_k30553
_lИваничка Йорданова
999 _c511074
_d511074
999 _d511074